000 01291nam a2200349 a 4500
001 000116234
003 CHAP
005 20220329144606.0
008 191010s2019 mx a |sm |||||||spa d
010 _a112695
011 _a113667
040 _cCHAP
090 _aTesis
100 1 _aMoreno Martínez, Edgar.
_9137020
245 1 0 _aCalidad fisiológica de semillas de Physalis ixocarpa Brot. ex Hornem :
_h[En línea]
_bprotocolos de colecta, acondicionamieneto y conservación /
_cpor Rdgar Moreno Martínez.
260 _aChapingo, Méx. :
_bEl autor,
_c2019.
500 _aPara ver el contenido del material haga clic en la liga
502 _aTesis (Ing. Agr. Esp. en Fitotecnia) -- UACH. Departamento de Fitotecnia
590 _aBATCH-UPD
_b05
_c20191010
_lUCH01
_h1122
590 _aE11695DGD
_b10
_c20191011
_lUCH01
_h0959
590 _aE6339RRR
_b05
_c20191010
_lUCH01
_h1121
590 _aE6339RRR
_b05
_c20191010
_lUCH01
_h1121
650 0 1 _aSemillas
_xConservación
_9103886
650 1 4 _aSemillas
_xCalidad.
_9103881
650 1 4 _aSemillas
_xGerminación.
_9103903
650 1 4 _aSemillas
_xVigor.
_9103934
650 1 4 _aTomate
_xSemilla.
_9113765
856 _aFinding aid
_uhttp://10.13.5.2/tesis/sist116234.pdf
_zTeclea aquí
901 _aBK
942 _cTESIS
942 _n0
999 _c112695
_d112695